| 000 | 01516 a2200241 4500 | ||
|---|---|---|---|
| 003 | OSt | ||
| 005 | 20180116182821.0 | ||
| 008 | 170824b xxu||||| |||| 00| 0 eng d | ||
| 020 | _a0471383503 (hardcover) | ||
| 020 | _a(WIE) 0471429376 (hardcover) | ||
| 040 | _c0 | ||
| 082 | 0 | 4 | _a382.1 SHE 2004 |
| 100 | 1 | _aOded Shenkar | |
| 245 | 1 | 0 |
_aInternational Business _cOded Shenkar, Yadong Luo. |
| 250 | _a1st ed. | ||
| 260 |
_a[S.l.] : _bWiley, _c2003. |
||
| 300 |
_aUnpaged; _c29 cm. _bHB |
||
| 440 | _aInternational Business | ||
| 520 | _aNow there’s an International Business text that truly goes beyond a US-centered perspective to take into consideration the business realities in other countries and their unique perspectives, highlighting the role of culture in international business and illustrating how its impacts as well as that of political, legal and social institutions permeates all business functions and processes. Oded Shenkar and Yadong Luo’s INTERNATIONAL BUSINESS offers a highly integrated and action-focused approach to the field that helps students make explicit connections across concepts and functions, develop the skill they need to address various IB issues and problems, and most importantly, broaden their understanding of the global business environment and its repercussions for executiv | ||
| 700 | _aLuo, Yado | ||
| 856 |
_3Amazon.com _uhttp://www.amazon.com/exec/obidos/ASIN/0471383503/chopaconline |
||
| 942 |
_aNBS _cBK _k382.1 SHE 2004 _2ddc |
||
| 999 |
_c346533 _d346533 |
||